Most pri Svrčinovci - alternatíva výstavby technológiou vysúvania

Uložené v:
Podrobná bibliografia
Hlavný autor: Baľák, Ľubomír (Autor)
Ďalší autori: Paulík, Peter (Vedúci práce)
Médium: Rukopis Kniha
Jazyk:Slovak
Vydavateľské údaje: 2018
Predmet:
On-line prístup:http://is.stuba.sk/zp/portal_zp.pl?podrobnosti=137665
https://opac.crzp.sk/?fn=detailBiblioForm&sid=7748F8ABF7A423EAE57FDF3BD0B0
Tagy: Pridať tag
Žiadne tagy, Buďte prvý, kto otaguje tento záznam!

MARC

LEADER 00000ntm a22000003a 4500
001 stuzp68838
003 SK-STU
005 20230614081938.7
007 ta
008 150427s2015----xo-----f-mn---000-0-slo-d
040 |a STU  |b slo 
041 0 |a slo 
100 1 |a Baľák, Ľubomír  |u 010110  |k Z4  |4 aut  |U SvF Stavebná fakulta  |T SvF Katedra betónových konštrukcií a mostov  |X 63070  |U V110  |Y 11  |7 63070 
242 0 1 |a Bridge at Svrčinovec - alternative construction method by incremental launching technology  |y eng 
245 1 0 |a Most pri Svrčinovci - alternatíva výstavby technológiou vysúvania 
260 |c 2018 
650 4 |a výkres  |2 slo 
650 4 |a výpočet  |2 slo 
650 4 |a statický  |2 slo 
650 4 |a static  |2 eng 
650 4 |a construction  |2 eng 
650 4 |a drawing  |2 eng 
700 1 |a Paulík, Peter  |u 010110  |k Z1  |4 ths  |U SvF Stavebná fakulta  |T SvF Katedra betónových konštrukcií a mostov  |X 11217  |U V110  |Y 11  |7 A000011217 
856 4 |u http://is.stuba.sk/zp/portal_zp.pl?podrobnosti=137665 
856 4 |u https://opac.crzp.sk/?fn=detailBiblioForm&sid=7748F8ABF7A423EAE57FDF3BD0B0